000054533 001__ 54533
000054533 005__ 20170831221254.0
000054533 037__ $$aGDOC-2015-1133
000054533 041__ $$aspa
000054533 100__ $$0(orcid)0000-0001-9644-4252$$aRodanés Vicente, José María
000054533 24500 $$928104$$aOtras culturas: introducción a la etnoarqueología
000054533 260__ $$aZaragoza$$bUniversidad de Zaragoza$$c2015-2016
000054533 520__ $$aSe proporciona al alumno una visión general del origen y evolución de culturas diferentes a la occidental. En ella se presta especial atención a las culturas ágrafas, evitando visiones etnocéntricas; se analizan sus características culturales y se proponen modelos de comportamiento que pueden ser aplicados al estudio de nuestra prehistoria y que configuran, en gran medida, el marco teórico de la denominada etnoarqueología.
000054533 521__ $$9122$$aGraduado en Historia
000054533 540__ $$aby-nc-sa$$bCreative Commons$$c3.0$$uhttp://creativecommons.org/licenses/by-nc-sa/3.0/
000054533 700__ $$0(orcid)0000-0002-4678-3077$$aLanau Hernáez, Paloma Melanie
000054533 830__ $$9418
000054533 8564_ $$s83882$$uhttps://zaguan.unizar.es/record/54533/files/guia.pdf$$yGuía (idioma español)
000054533 980__ $$aGDOC$$bArtes y humanidades$$c103